| 000 | 00370nam a2200145Ia 4500 | ||
|---|---|---|---|
| 005 | 20251222144705.0 | ||
| 008 | 251222s9999||||xx |||||||||||||| ||spa|| | ||
| 020 | _a84-86168-94-5 | ||
| 082 | _a020/C92 | ||
| 100 | _aCruz Mundet, José Ramón | ||
| 245 | 0 | _aManual de archivística | |
| 250 | _a3a.ed. | ||
| 264 | _bFundación Germán Sánchez Ruipérez | ||
| 942 | _cLIB | ||
| 999 |
_c17587 _d17587 |
||